[Event "Olympiad Women-45"]
[Site "Budapest"]
[Date "2024.09.19"]
[Round "8.3"]
[White "Romany, Joy"]
[Black "Zavala Galindo, Alejandra Beatriz"]
[Result "1/2-1/2"]
[WhiteElo "2012"]
[BlackElo "1870"]
[PlyCount "70"]
[EventDate "2024.09.11"]
[EventType "team-swiss"]
[EventRounds "11"]
[EventCountry "HUN"]
[SourceTitle "EXT 2025"]
[Source "ChessBase"]
[SourceDate "2024.10.14"]
[SourceVersion "1"]
[SourceVersionDate "2024.10.14"]
[SourceQuality "1"]
[WhiteTeam "Egypt (W)"]
[BlackTeam "El Salvador (W)"]
[WhiteTeamCountry "EGY"]
[BlackTeamCountry "ESA"]

1. d4 d6 2. c4 e5 3. d5 f5 4. Nc3 Nf6 5. g3 g6 6. Bg2 Bg7 7. Nh3 a5 8. 0-0 0-0 9. e4 Na6 10. f4 Ng4 11. Nf2 Nxf2 12. Rxf2 Nc5 13. Be3 Nxe4 14. Nxe4 fxe4 15. Bxe4 exf4 16. Bxf4 Bf5 17. Bg2 Qd7 18. Qd2 b6 19. Raf1 Bh3 20. Bh6 Bxg2 21. Kxg2 Rxf2+ 22. Rxf2 Rf8 23. Rxf8+ Bxf8 24. Bxf8 Kxf8 25. Qf4+ Kg8 26. Qe4 Kg7 27. h4 Qf7 28. b3 Qf6 29. Qe8 Qb2+ 30. Kh3 Qf6 31. Qd7+ Kh6 32. Kg2 Qb2+ 33. Kh3 Qf6 34. Kg2 Qb2+ 35. Kh3 Qf6 1/2-1/2

[Event "Olympiad Women-45"]
[Site "Budapest"]
[Date "2024.09.13"]
[Round "3.33"]
[White "Shaba, Linda Dalitso"]
[Black "Romany, Joy"]
[Result "0-1"]
[WhiteElo "1831"]
[BlackElo "2012"]
[PlyCount "102"]
[EventDate "2024.09.11"]
[EventType "team-swiss"]
[EventRounds "11"]
[EventCountry "HUN"]
[SourceTitle "EXT 2025"]
[Source "ChessBase"]
[SourceDate "2024.10.14"]
[SourceVersion "1"]
[SourceVersionDate "2024.10.14"]
[SourceQuality "1"]
[WhiteTeam "Zimbabwe (W)"]
[BlackTeam "Egypt (W)"]
[WhiteTeamCountry "ZIM"]
[BlackTeamCountry "EGY"]

1. e4 c5 2. Nf3 e6 3. d4 cxd4 4. Nxd4 Nc6 5. g3 Nf6 6. Bg2 Be7 7. 0-0 0-0 8. b3 d5 9. Nxc6 bxc6 10. e5 Nd7 11. Bb2 Bc5 12. Qg4 Ba6 13. c4 Qb6 14. Nd2 Rab8 15. Rac1 Qa5 16. Bc3 Bb4 17. Bxb4 Rxb4 18. Qe2 dxc4 19. Nxc4 Bxc4 20. Rxc4 Rxc4 21. Qxc4 Nxe5 22. Qe2 Rd8 23. Rd1 Rxd1+ 24. Qxd1 c5 25. f4 Ng6 26. Qe2 Qc3 27. Be4 Nf8 28. Kg2 g6 29. Bc6 Qa5 30. Be8 Qd8 31. Bc6 h5 32. h4 Nh7 33. Bf3 Nf6 34. Qb2 Nd5 35. Qd2 Qf6 36. Bxd5 Qd8 37. Kf2 exd5 38. Qc3 Qd6 39. Qa5 Qb6 40. Qa4 c4+ 41. Ke2 Qd4 42. Qe8+ Kg7 43. Qe5+ Qxe5+ 44. fxe5 cxb3 45. axb3 f6 46. exf6+ Kxf6 47. Kd3 Ke5 48. b4 a6 49. Ke3 d4+ 50. Kf3 Kd5 51. g4 hxg4+ 0-1

[Event "Africa-ch U16 Girls"]
[Site "Johannesburg"]
[Date "2024.06.22"]
[Round "9"]
[White "Romany, Joy"]
[Black "Monchosi, Atlegang"]
[Result "1/2-1/2"]
[WhiteElo "2002"]
[BlackElo "1517"]
[PlyCount "60"]
[EventDate "2024.06.16"]
[EventType "swiss"]
[EventRounds "9"]
[EventCountry "RSA"]
[SourceTitle "EXT 2025"]
[Source "ChessBase"]
[SourceDate "2024.10.14"]
[SourceVersion "1"]
[SourceVersionDate "2024.10.14"]
[SourceQuality "1"]

1. d4 d5 2. c4 e6 3. Nf3 Nf6 4. g3 Be7 5. Bg2 0-0 6. 0-0 b6 7. cxd5 exd5 8. Ne5 Bb7 9. Qa4 Re8 10. Nc3 Bd6 11. Nd3 c6 12. Bg5 h6 13. Bxf6 gxf6 14. e4 dxe4 15. Nxe4 f5 16. Nxd6 Qxd6 17. d5 Rd8 18. Qh4 Nd7 19. Rfd1 c5 20. Nf4 Kh7 21. Bh3 Qf6 22. Qh5 Ne5 23. Bxf5+ Ng6 24. Be4 Kg7 25. Nxg6 fxg6 26. Qg4 Bc8 27. Qe2 Re8 28. Qc2 Bb7 29. Re1 Rad8 30. Rad1 Bxd5 1/2-1/2

[Event "Africa-ch U16 Girls"]
[Site "Johannesburg"]
[Date "2024.06.19"]
[Round "5"]
[White "Romany, Joy"]
[Black "Beukes, Jamie Nicole"]
[Result "1-0"]
[WhiteElo "2002"]
[BlackElo "1736"]
[PlyCount "79"]
[EventDate "2024.06.16"]
[EventType "swiss"]
[EventRounds "9"]
[EventCountry "RSA"]
[SourceTitle "EXT 2025"]
[Source "ChessBase"]
[SourceDate "2024.10.14"]
[SourceVersion "1"]
[SourceVersionDate "2024.10.14"]
[SourceQuality "1"]

1. d4 d5 2. c4 e6 3. Nf3 Nf6 4. g3 dxc4 5. Bg2 c5 6. 0-0 Nc6 7. dxc5 Qxd1 8. Rxd1 Bxc5 9. Nbd2 c3 10. bxc3 0-0 11. Nb3 Be7 12. Nfd4 Nxd4 13. cxd4 Nd5 14. Bd2 f5 15. f3 Bd7 16. Rac1 b6 17. e4 Nf6 18. d5 Rac8 19. dxe6 Bxe6 20. e5 Nd7 21. f4 Nc5 22. Nd4 Bxa2 23. Ra1 Bb3 24. Nxb3 Nxb3 25. Bd5+ Kh8 26. Bxb3 Bc5+ 27. Kf1 a5 28. Ke2 Rc6 29. Bd5 Rh6 30. h4 Rd8 31. Be3 Rc8 32. Bxc5 Rxc5 33. Rac1 Rg6 34. Rxc5 bxc5 35. Rb1 h6 36. Rb8+ Kh7 37. Bg8+ Kh8 38. Bf7+ Kh7 39. Bxg6+ Kxg6 40. Rc8 1-0

[Event "Africa-ch U16 Girls"]
[Site "Johannesburg"]
[Date "2024.06.17"]
[Round "2"]
[White "Mutwol, Cherry Jepchirchir"]
[Black "Romany, Joy"]
[Result "0-1"]
[WhiteElo "1619"]
[BlackElo "2002"]
[PlyCount "70"]
[EventDate "2024.06.16"]
[EventType "swiss"]
[EventRounds "9"]
[EventCountry "RSA"]
[SourceTitle "EXT 2025"]
[Source "ChessBase"]
[SourceDate "2024.10.14"]
[SourceVersion "1"]
[SourceVersionDate "2024.10.14"]
[SourceQuality "1"]

1. e4 c5 2. Nf3 e6 3. d4 cxd4 4. Nxd4 Nc6 5. Nc3 Qc7 6. Ndb5 Qb8 7. Qf3 a6 8. Na3 b5 9. Ne2 Nf6 10. Bg5 Ne5 11. Qf4 Bd6 12. Qe3 b4 13. Bxf6 bxa3 14. Bxe5 Bxe5 15. c3 Qxb2 16. Qc1 Rb8 17. f4 Bc7 18. e5 d6 19. exd6 Bxd6 20. g3 Bb7 21. Rg1 Bc5 22. Nd4 Bxd4 23. cxd4 Qxd4 24. Rg2 Bxg2 25. Bxg2 0-0 26. Qxa3 Qxa1+ 27. Ke2 Rb2+ 28. Kf3 Qd1+ 29. Ke3 Rxg2 30. Qxa6 Qg1+ 31. Kf3 Qf2+ 32. Kg4 f5+ 33. Kg5 h6+ 34. Kh5 Rxh2+ 35. Kg6 Qxg3# 0-1

[Event "Wch U14 Girls"]
[Site "Montesilvano"]
[Date "2023.11.22"]
[Round "9"]
[White "Romany, Joy"]
[Black "Aswinika Mani, R."]
[Result "1/2-1/2"]
[WhiteElo "1764"]
[BlackElo "1472"]
[PlyCount "60"]
[EventDate "2023.11.13"]
[EventType "swiss"]
[EventRounds "11"]
[EventCountry "ITA"]
[SourceTitle "CBM 217 Extra"]
[Source "ChessBase"]
[SourceDate "2024.01.31"]
[SourceVersion "1"]
[SourceVersionDate "2024.01.31"]
[SourceQuality "1"]

1. d4 d5 2. c4 c6 3. Nf3 Nf6 4. Nc3 e6 5. e3 Nbd7 6. Qc2 Bd6 7. b3 0-0 8. Be2 b6 9. cxd5 exd5 10. 0-0 Bb7 11. Bd3 h6 12. Bb2 Rc8 13. Rac1 a6 14. a4 c5 15. Qe2 cxd4 16. Nxd4 Nc5 17. Bf5 Rc7 18. b4 Ncd7 19. Na2 Ne5 20. h3 Nc4 21. Bc3 Qe7 22. Bd3 g6 23. Nf3 Ne4 24. Bd4 b5 25. axb5 axb5 26. Bxe4 dxe4 27. Nd2 Rfc8 28. Bc3 Bd5 29. Ba1 Nxd2 30. Qxd2 Rxc1 1/2-1/2

[Event "Wch U14 Girls"]
[Site "Montesilvano"]
[Date "2023.11.15"]
[Round "3"]
[White "Tsetskhladze, Mariam"]
[Black "Romany, Joy"]
[Result "1-0"]
[WhiteElo "1911"]
[BlackElo "1764"]
[PlyCount "95"]
[EventDate "2023.11.13"]
[EventType "swiss"]
[EventRounds "11"]
[EventCountry "ITA"]
[SourceTitle "CBM 217 Extra"]
[Source "ChessBase"]
[SourceDate "2024.01.31"]
[SourceVersion "1"]
[SourceVersionDate "2024.01.31"]
[SourceQuality "1"]

1. e4 c5 2. Nf3 e6 3. d4 cxd4 4. Nxd4 Nc6 5. Nc3 Qc7 6. Be3 a6 7. g4 b5 8. Nxc6 Qxc6 9. Qd2 Bb7 10. 0-0-0 b4 11. Ne2 Nf6 12. f3 d5 13. e5 Nd7 14. f4 Nc5 15. Nd4 Qa4 16. Kb1 Ne4 17. Qe1 Rc8 18. Bd3 Bc5 19. f5 Bxd4 20. Bxd4 0-0 21. b3 Qa5 22. Bxe4 dxe4 23. Rc1 e3 24. Rf1 Be4 25. Qxe3 exf5 26. gxf5 Bxc2+ 27. Ka1 Qd5 28. Bb2 Qd3 29. Qg5 h6 30. Qg4 Rc3 31. Rg1 g6 32. fxg6 fxg6 33. Qxb4 Rc6 34. Qe7 Qd8 35. Qb4 a5 36. Qb5 Qe8 37. Qe2 Bf5 38. Qe3 Kh7 39. Rxc6 Qxc6 40. Rc1 Qe6 41. Rd1 Bg4 42. Rd6 Rf1+ 43. Bc1 Rxc1+ 44. Kb2 Rb1+ 45. Kxb1 Bf5+ 46. Kb2 Qc8 47. Qc3 Qa8 48. Qc7+ 1-0

[Event "Arab-ch (Women)"]
[Site "Khartoum"]
[Date "2023.03.03"]
[Round "7"]
[White "Khalil, Manar"]
[Black "Romany, Joy"]
[Result "1-0"]
[WhiteElo "1877"]
[BlackElo "1734"]
[PlyCount "115"]
[EventDate "2023.02.26"]
[EventType "swiss"]
[EventRounds "9"]
[EventCountry "SUD"]
[SourceTitle "CBM 213 Extra"]
[Source "ChessBase"]
[SourceDate "2023.05.31"]
[SourceVersion "1"]
[SourceVersionDate "2023.05.31"]
[SourceQuality "1"]

1. e4 c5 2. Nf3 e6 3. d4 cxd4 4. Nxd4 Nc6 5. c4 Nf6 6. Nc3 Bb4 7. Nxc6 dxc6 8. Qf3 Qd4 9. Bd2 e5 10. a3 Bg4 11. Qd3 Bc5 12. Qxd4 Bxd4 13. f3 Be6 14. 0-0-0 0-0-0 15. Kc2 Nd7 16. h4 h5 17. Be2 f6 18. g4 hxg4 19. fxg4 Nc5 20. b3 Bxc3 21. Bxc3 Rxd1 22. Bxd1 Nxe4 23. Be1 f5 24. Bf3 Nf6 25. g5 Nd7 26. h5 Kd8 27. Bc3 Ke7 28. a4 Bf7 29. a5 a6 30. Bb2 Be6 31. Re1 Kd6 32. Ba3+ Kc7 33. Rd1 f4 34. Bd6+ Kc8 35. Re1 Bf5+ 36. Kc3 Re8 37. Bd1 Re6 38. c5 e4 39. Bxf4 Nxc5 40. Be3 Nd7 41. Rf1 g6 42. h6 c5 43. Be2 Re8 44. Kc4 Be6+ 45. Kc3 Bf5 46. Rh1 Rh8 47. Bc1 Kc7 48. Bf4+ Kc6 49. Rd1 b5 50. axb6 Nxb6 51. Rd6+ Kb7 52. Be5 Rh7 53. Bg7 Kc7 54. Rd1 Be6 55. Bxa6 Nd5+ 56. Kb2 e3 57. Re1 Nb4 58. Rxe3 1-0

[Event "Arab-ch (Women)"]
[Site "Khartoum"]
[Date "2023.03.02"]
[Round "6"]
[White "Romany, Joy"]
[Black "Boshra, Alshaeby"]
[Result "1-0"]
[WhiteElo "1734"]
[BlackElo "1897"]
[PlyCount "129"]
[EventDate "2023.02.26"]
[EventType "swiss"]
[EventRounds "9"]
[EventCountry "SUD"]
[SourceTitle "CBM 213 Extra"]
[Source "ChessBase"]
[SourceDate "2023.05.31"]
[SourceVersion "1"]
[SourceVersionDate "2023.05.31"]
[SourceQuality "1"]

1. d4 d5 2. c4 e6 3. Nf3 Nf6 4. g3 c5 5. cxd5 cxd4 6. Bg2 Bb4+ 7. Bd2 Nxd5 8. Nxd4 0-0 9. 0-0 Qb6 10. e3 Nc6 11. Nb3 Rd8 12. Qe2 a5 13. e4 Nf6 14. Be3 Qa6 15. Qxa6 Rxa6 16. a3 Be7 17. Nc3 a4 18. Nc5 Bxc5 19. Bxc5 b6 20. Be3 Ng4 21. Bc1 Bb7 22. f4 Nd4 23. Rb1 Nc2 24. Bf3 h5 25. h3 Nf6 26. Rf2 Nd4 27. Bg2 Nb3 28. Be3 Nc5 29. Bxc5 bxc5 30. Rc2 Raa8 31. Rbc1 Rd3 32. Kf2 Rad8 33. Re1 R8d4 34. Re3 Ba6 35. Rxd3 Bxd3 36. Rd2 h4 37. Ke3 Ba6 38. Rxd4 cxd4+ 39. Kxd4 Nh5 40. Nxa4 Nxg3 41. Nc3 f6 42. b4 g5 43. fxg5 fxg5 44. b5 Bc8 45. Ke5 Nh5 46. Ne2 Kf7 47. a4 Nf6 48. Bf3 Ke7 49. a5 Bb7 50. Kd4 Nd7 51. a6 Ba8 52. Bg2 e5+ 53. Kc4 Kd6 54. Nc3 Nb6+ 55. Kb4 Nd7 56. Ka5 Kc7 57. Na4 Kb8 58. Nb6 Nf6 59. Nxa8 Kxa8 60. b6 g4 61. hxg4 Nxg4 62. Kb5 Nf6 63. Kc6 Ng8 64. Kc7 Ne7 65. b7+ 1-0

[Event "Arab-ch (Women)"]
[Site "Khartoum"]
[Date "2023.03.01"]
[Round "5"]
[White "Abdel Hamid, Sabreen"]
[Black "Romany, Joy"]
[Result "0-1"]
[WhiteElo "1707"]
[BlackElo "1734"]
[PlyCount "74"]
[EventDate "2023.02.26"]
[EventType "swiss"]
[EventRounds "9"]
[EventCountry "SUD"]
[SourceTitle "CBM 213 Extra"]
[Source "ChessBase"]
[SourceDate "2023.05.31"]
[SourceVersion "1"]
[SourceVersionDate "2023.05.31"]
[SourceQuality "1"]

1. Nf3 Nf6 2. g3 d5 3. Bg2 c5 4. 0-0 Nc6 5. c4 d4 6. d3 g6 7. Nbd2 Bg7 8. Nb3 Qb6 9. e3 Bg4 10. h3 Bxf3 11. Qxf3 0-0 12. Re1 Nd7 13. Rb1 Nde5 14. Qe2 Nb4 15. Rd1 Nxa2 16. exd4 Qxb3 17. dxe5 Nc3 18. bxc3 Qxb1 19. Bg5 Qb6 20. Qe4 Qc7 21. Bf4 Qb6 22. Qe3 Qb3 23. Qe1 Rad8 24. Rb1 Qc2 25. Rxb7 Rxd3 26. Kh2 Qxc3 27. Qb1 e6 28. Rxa7 Rd4 29. Bf1 Qf3 30. Be3 Rd1 31. Qb7 Qxb7 32. Rxb7 Rxf1 33. Bxc5 Rc8 34. Bd6 Rxf2+ 35. Kg1 Re2 36. Rb5 h5 37. Kf1 Re4 0-1

[Event "Arab-ch (Women)"]
[Site "Khartoum"]
[Date "2023.02.27"]
[Round "3"]
[White "Fawaz, Nadia"]
[Black "Romany, Joy"]
[Result "0-1"]
[WhiteElo "1422"]
[BlackElo "1734"]
[PlyCount "90"]
[EventDate "2023.02.26"]
[EventType "swiss"]
[EventRounds "9"]
[EventCountry "SUD"]
[SourceTitle "CBM 213 Extra"]
[Source "ChessBase"]
[SourceDate "2023.05.31"]
[SourceVersion "1"]
[SourceVersionDate "2023.05.31"]
[SourceQuality "1"]

1. d4 d5 2. c4 c6 3. Nc3 Nf6 4. Nf3 dxc4 5. a4 Bf5 6. e3 e6 7. Bxc4 Bb4 8. Bd2 Nbd7 9. 0-0 Bg6 10. Re1 0-0 11. Bb3 Re8 12. Bc2 Bh5 13. Ne4 Bxd2 14. Nexd2 e5 15. Qb1 exd4 16. Nxd4 Ne5 17. Bd1 c5 18. N4f3 Nd3 19. Rf1 Ng4 20. Bc2 Bg6 21. Ra3 Nde5 22. Bxg6 hxg6 23. h3 Nf6 24. Nxe5 Rxe5 25. Nf3 Re4 26. Rd1 Qb6 27. Qa2 Rb4 28. a5 Qc7 29. Rad3 Rb5 30. Ra3 Rd8 31. Rxd8+ Qxd8 32. Ne5 Qe7 33. Nxg6 Qe4 34. Nf4 Qc2 35. Nd3 c4 36. Ne1 Qe2 37. Qa1 Rxb2 38. f3 Rd2 39. a6 bxa6 40. Rxa6 Rd1 41. Qe5 Rxe1+ 42. Kh2 Qxe3 43. Qb8+ Qe8 44. Qg3 Nh5 45. Qg4 Qe5+ 0-1

[Event "Wch U14 Girls"]
[Site "Mamaia"]
[Date "2022.09.12"]
[Round "7"]
[White "Romany, Joy"]
[Black "Christodoulou, Georgia"]
[Result "1-0"]
[WhiteElo "1747"]
[BlackElo "1494"]
[PlyCount "89"]
[EventDate "2022.09.06"]
[EventType "swiss"]
[EventRounds "11"]
[EventCountry "ROU"]
[SourceTitle "CBM 210 Extra"]
[Source "ChessBase"]
[SourceDate "2022.11.30"]
[SourceVersion "1"]
[SourceVersionDate "2022.11.30"]
[SourceQuality "1"]

1. d4 Nf6 2. c4 c5 3. d5 b5 4. cxb5 a6 5. bxa6 Bxa6 6. Nc3 g6 7. e4 Bxf1 8. Kxf1 d6 9. g3 Bg7 10. Nf3 Nbd7 11. Kg2 0-0 12. Qc2 Ra6 13. a4 Qa8 14. Nb5 Qb7 15. Bd2 Ne8 16. Bc3 Nc7 17. Bxg7 Kxg7 18. Qc3+ Kg8 19. Nxc7 Qxc7 20. h4 Nf6 21. Nd2 Rb8 22. b3 Rb4 23. f3 Rd4 24. Nc4 Nd7 25. h5 Nb6 26. hxg6 fxg6 27. Na3 Nd7 28. Nb5 Qb7 29. Nxd4 cxd4 30. Qxd4 Qxb3 31. Rhc1 Ne5 32. Qc3 Qxc3 33. Rxc3 Kf7 34. a5 Nd7 35. Rc6 Ra7 36. Ra3 h5 37. a6 g5 38. f4 gxf4 39. gxf4 e6 40. Rxd6 Ke7 41. Rxe6+ Kd8 42. Rh6 Nc5 43. Rh8+ Kc7 44. Rh7+ Nd7 45. e5 1-0

[Event "Wch U14 Girls"]
[Site "Mamaia"]
[Date "2022.09.08"]
[Round "3"]
[White "Romany, Joy"]
[Black "Toquero Gracia, Laura"]
[Result "1/2-1/2"]
[WhiteElo "1747"]
[BlackElo "1540"]
[PlyCount "130"]
[EventDate "2022.09.06"]
[EventType "swiss"]
[EventRounds "11"]
[EventCountry "ROU"]
[SourceTitle "CBM 210 Extra"]
[Source "ChessBase"]
[SourceDate "2022.11.30"]
[SourceVersion "1"]
[SourceVersionDate "2022.11.30"]
[SourceQuality "1"]

1. d4 d5 2. c4 e6 3. Nf3 Nf6 4. g3 Be7 5. Bg2 0-0 6. Qc2 dxc4 7. 0-0 a6 8. a4 Bd7 9. Nbd2 Bc6 10. Nxc4 a5 11. Bd2 Be4 12. Qc1 Nc6 13. Bc3 Nb4 14. Ncd2 Bd5 15. Qb1 b6 16. e4 Bb7 17. Ne5 Nd7 18. Ndc4 Nxe5 19. Nxe5 Rc8 20. Rd1 Nc6 21. Nxc6 Bxc6 22. Qc2 Qe8 23. d5 exd5 24. exd5 Bd7 25. Re1 Qd8 26. Be5 Bf6 27. f4 Be7 28. Bd4 Bf6 29. Be5 Be7 30. Bf3 Bc5+ 31. Kh1 f6 32. Bc3 Bd6 33. Rad1 Re8 34. Be4 h6 35. Bg6 Rf8 36. Be4 Rf7 37. Rd2 Qf8 38. Bg6 Re7 39. Rxe7 Qxe7 40. Qd1 Be8 41. Bf5 Rd8 42. Be6+ Bf7 43. Re2 Qf8 44. Re1 Bxe6 45. Rxe6 Re8 46. Qe2 Re7 47. f5 Qe8 48. Qg4 Kf8 49. Qe4 Qf7 50. Kg2 Qh5 51. h3 Qf7 52. g4 Qe8 53. b3 Qf7 54. Kf3 Qe8 55. Bd2 Be5 56. Bf4 Bxf4 57. Kxf4 Qd8 58. Kf3 Qd7 59. h4 Qe8 60. Kf4 Qd8 61. Ke3 Rd7 62. Kd4 Re7 63. Kc4 Rd7 64. Kd4 Re7 65. Kc4 Rd7 1/2-1/2

[Event "Francophonie-chT Rapid"]
[Site "Tornelo INT"]
[Date "2022.06.05"]
[Round "8.2"]
[White "Bitca, Emilia"]
[Black "Romany, Joy"]
[Result "0-1"]
[WhiteElo "1427"]
[BlackElo "1709"]
[PlyCount "110"]
[EventDate "2022.06.04"]
[EventType "team-swiss (rapid)"]
[EventRounds "11"]
[EventCountry "FRA"]
[SourceTitle "CBM 208 Extra"]
[Source "ChessBase"]
[SourceDate "2022.07.31"]
[SourceVersion "1"]
[SourceVersionDate "2022.07.31"]
[SourceQuality "1"]
[WhiteTeam "Moldova"]
[BlackTeam "Egypt"]
[WhiteTeamCountry "MDA"]
[BlackTeamCountry "EGY"]

1. e4 c5 2. Nf3 e6 3. d4 cxd4 4. Nxd4 a6 5. Nc3 Nc6 6. Be2 Nf6 7. 0-0 d6 8. a4 Be7 9. Be3 0-0 10. f4 Qc7 11. Bf3 Bd7 12. Nb3 Rfd8 13. g4 d5 14. e5 Nxe5 15. fxe5 Qxe5 16. Bd4 Qg5 17. Qd2 Qg6 18. Qg2 Bc6 19. Rae1 Bd6 20. h4 Nd7 21. Be3 f6 22. Nd4 Qf7 23. Bf2 Re8 24. Bg3 Bxg3 25. Qxg3 e5 26. Nf5 Qe6 27. Qg2 e4 28. Nd4 exf3 29. Qxf3 Qf7 30. g5 Rxe1 31. Rxe1 fxg5 32. Qxf7+ Kxf7 33. hxg5 Re8 34. Rxe8 Kxe8 35. Kf2 Kf7 36. Nxc6 bxc6 37. Kg3 Ke6 38. Kf4 Ne5 39. Ne2 g6 40. Nd4+ Kd6 41. b3 c5 42. Nf3 Nxf3 43. Kxf3 Ke5 44. Kg4 Ke4 45. c3 Kd3 46. b4 cxb4 47. cxb4 Kc4 48. b5 axb5 49. axb5 Kxb5 50. Kf4 Kc4 51. Ke3 Kc3 52. Ke2 d4 53. Kd1 Kd3 54. Kc1 Ke2 55. Kc2 d3+ 0-1

[Event "Francophonie-chT Rapid"]
[Site "Tornelo INT"]
[Date "2022.06.04"]
[Round "6.2"]
[White "Ben Said, Safa"]
[Black "Romany, Joy"]
[Result "0-1"]
[WhiteElo "1564"]
[BlackElo "1709"]
[PlyCount "78"]
[EventDate "2022.06.04"]
[EventType "team-swiss (rapid)"]
[EventRounds "11"]
[EventCountry "FRA"]
[SourceTitle "CBM 208 Extra"]
[Source "ChessBase"]
[SourceDate "2022.07.31"]
[SourceVersion "1"]
[SourceVersionDate "2022.07.31"]
[SourceQuality "1"]
[WhiteTeam "Tunisia"]
[BlackTeam "Egypt"]
[WhiteTeamCountry "TUN"]
[BlackTeamCountry "EGY"]

1. e4 c5 2. Nf3 e6 3. d4 cxd4 4. Nxd4 a6 5. Nc3 Nc6 6. Be2 Nf6 7. 0-0 d6 8. Be3 Be7 9. Qd2 0-0 10. Rad1 Qc7 11. Kh1 Rd8 12. f4 b5 13. Nxc6 Qxc6 14. e5 Nd5 15. Nxd5 exd5 16. Bf3 Bb7 17. Bxd5 Qxd5 18. Qxd5 Bxd5 19. Rxd5 dxe5 20. Rxe5 Bf6 21. Rc5 Bxb2 22. c4 Rd3 23. Bc1 Bd4 24. Rd5 bxc4 25. f5 f6 26. Bf4 Rc8 27. g3 c3 28. Bc1 c2 29. Kg2 Rd1 30. Ra5 Rc6 31. Rd5 h6 32. Rd8+ Kh7 33. Rd7 Rxc1 34. Rxc1 Bb2 35. Re1 c1Q 36. Ree7 Rc2+ 37. Kh3 Qf1+ 38. Kg4 Rc4+ 39. Kh5 Qxf5# 0-1

[Event "Francophonie-chT Rapid"]
[Site "Tornelo INT"]
[Date "2022.06.04"]
[Round "5.2"]
[White "Romany, Joy"]
[Black "Meddeb, Chadha"]
[Result "1-0"]
[WhiteElo "1709"]
[BlackElo "1561"]
[PlyCount "79"]
[EventDate "2022.06.04"]
[EventType "team-swiss (rapid)"]
[EventRounds "11"]
[EventCountry "FRA"]
[SourceTitle "CBM 208 Extra"]
[Source "ChessBase"]
[SourceDate "2022.07.31"]
[SourceVersion "1"]
[SourceVersionDate "2022.07.31"]
[SourceQuality "1"]
[WhiteTeam "Egypt"]
[BlackTeam "Tunisia II"]
[WhiteTeamCountry "EGY"]
[BlackTeamCountry "TUN"]

1. d4 d5 2. c4 e6 3. Nf3 Nf6 4. g3 c6 5. Bg2 Nbd7 6. Qc2 Be7 7. 0-0 Ne4 8. Nbd2 Ndf6 9. Ne5 Nxd2 10. Bxd2 0-0 11. Bc3 Bd7 12. f3 dxc4 13. Nxc4 b5 14. Ne5 Nd5 15. Bd2 Rc8 16. e4 Nb6 17. b4 f6 18. Nd3 Be8 19. Bc3 Nc4 20. Rfe1 Qb6 21. Nc5 e5 22. Bh3 Ra8 23. Be6+ Kh8 24. Bxc4 bxc4 25. a3 Rf7 26. Kg2 Qc7 27. Qa2 exd4 28. Bxd4 Rd8 29. Ne6 Qd7 30. Nxd8 Bxd8 31. Qxc4 Re7 32. Rad1 Bf7 33. Qc3 Qb7 34. Bxf6 gxf6 35. Qxf6+ Kg8 36. Rxd8+ Re8 37. Rxe8+ Bxe8 38. Rd1 Qb5 39. Rd8 Qe2+ 40. Kh3 1-0

[Event "Kaspersky op U16"]
[Site "Tornelo INT"]
[Date "2021.04.02"]
[Round "8"]
[White "Romany, Joy"]
[Black "Kalandadze, Mariam"]
[Result "1-0"]
[WhiteElo "1451"]
[BlackElo "1147"]
[PlyCount "79"]
[EventDate "2021.04.02"]
[EventType "swiss (blitz)"]
[EventRounds "11"]
[EventCountry "RUS"]
[SourceTitle "CBM 201 Extra"]
[Source "ChessBase"]
[SourceDate "2021.05.31"]
[SourceVersion "1"]
[SourceVersionDate "2021.05.31"]
[SourceQuality "1"]

1. d4 Nf6 2. c4 g6 3. Nc3 Bg7 4. e4 d6 5. Be2 0-0 6. Bg5 c5 7. d5 e6 8. Qd2 exd5 9. exd5 Bf5 10. Nf3 Qb6 11. 0-0 Re8 12. Rfe1 Nbd7 13. Nh4 Be4 14. f3 Bf5 15. g4 Nxg4 16. fxg4 Bd4+ 17. Kh1 Be4+ 18. Nxe4 Rxe4 19. Bf3 Rxe1+ 20. Rxe1 f6 21. Bh6 Ne5 22. Be2 Bf2 23. Nf3 Bxe1 24. Nxe1 g5 25. Qc2 Nf7 26. Bd3 Nxh6 27. Bxh7+ Kh8 28. h3 Qc7 29. Bd3 Re8 30. Ng2 Qe7 31. Qf2 Qe5 32. Bb1 Qe2 33. Qxf6+ Kg8 34. Qg6+ Kf8 35. Qxh6+ Ke7 36. Qg7+ Kd8 37. Bf5 Qd1+ 38. Kh2 Re7 39. Qf8+ Re8 40. Qxd6# 1-0

[Event "Kaspersky op U16"]
[Site "Tornelo INT"]
[Date "2021.04.02"]
[Round "6"]
[White "Romany, Joy"]
[Black "Sanjay, Vasu"]
[Result "0-1"]
[WhiteElo "1451"]
[BlackElo "1092"]
[PlyCount "88"]
[EventDate "2021.04.02"]
[EventType "swiss (blitz)"]
[EventRounds "11"]
[EventCountry "RUS"]
[SourceTitle "CBM 201 Extra"]
[Source "ChessBase"]
[SourceDate "2021.05.31"]
[SourceVersion "1"]
[SourceVersionDate "2021.05.31"]
[SourceQuality "1"]

1. d4 g6 2. c4 Nf6 3. Nc3 d6 4. e4 Bg7 5. Bg5 0-0 6. Be2 Nbd7 7. Qd2 a6 8. h4 h5 9. Bh6 e5 10. d5 Nc5 11. Bxg7 Kxg7 12. f3 c6 13. dxc6 bxc6 14. Rd1 Nb7 15. Bd3 d5 16. cxd5 cxd5 17. exd5 Re8 18. Be4 Nd6 19. Nge2 Nfxe4 20. fxe4 f5 21. Ng3 f4 22. Nge2 Bg4 23. b3 Rf8 24. Rc1 Qe7 25. Ng1 f3 26. gxf3 Bxf3 27. Nxf3 Rxf3 28. Qg5 Qxg5 29. hxg5 Rc8 30. Kd2 Rfxc3 31. Rxc3 Nxe4+ 32. Kd3 Nxc3 33. Rc1 e4+ 34. Kd2 e3+ 35. Kxe3 Nxd5+ 36. Kd2 Rxc1 37. Kxc1 Kf7 38. Kd2 Ke6 39. Kd3 Nb4+ 40. Kc4 Nxa2 41. Kc5 Kf5 42. Kb6 Nb4 43. Ka5 Nd3 44. Kxa6 Nc5+ 0-1